Manual del cultivo de cebada cervecera
Guardat en:
| Autors principals: | , |
|---|---|
| Format: | Llibre |
| Idioma: | espanyol |
| Publicat: |
Santiago
Malterias Unidas
1971
|
| Matèries: | |
| Etiquetes: |
Afegir etiqueta
Sense etiquetes, Sigues el primer a etiquetar aquest registre!
|
MARC
| LEADER | 00000nam a2200000 a 4500 | ||
|---|---|---|---|
| 001 | UCQ3446 | ||
| 003 | CL-VaPUC | ||
| 008 | 980821e19710000CL |||||||||||||||||spa|d | ||
| 082 | 0 | 4 | |a 633.16 |b OJE |2 21 |
| 100 | |a Ojeda R., Juan Enrique |e autor |9 417601 | ||
| 700 | 0 | |a Ureta E., Patricio |e author |9 417602 | |
| 245 | 1 | 0 | |a Manual del cultivo de cebada cervecera |
| 300 | |a 15 p | ||
| 942 | |c BK | ||
| 945 | |d 19980821 00:00:00 |a mvenant | ||
| 260 | |a Santiago |b Malterias Unidas |c 1971 | ||
| 650 | 7 | |a CEBADA |2 CL-VaPUC |9 366689 | |
| 650 | 0 | |a Cereales |9 264300 | |
| 650 | 0 | |a Cultivo |9 264268 | |
| 650 | 0 | |a Fertilización |9 259681 | |
| 650 | 7 | |a SUELO |2 CL-VaPUC |9 348469 | |
| 650 | 0 | |a Control de plagas |9 327373 | |
| 583 | |a last modification |c 19980821 00:00:00 |k Rodrigo Vera | ||
| 999 | |c 274022 |d 274020 | ||